000 00676nam a2200241Ia 4500
003 OSt
005 20220924131809.0
006 a|||||r|||| 00| 0
007 ta
008 220923b |||||||| |||| 00| 0 tel d
024 _a338947
037 _cTextual
040 _aARTS
_cARTS
_btel
041 _2tel
_atel
082 _aO35,2N25,3, K4
100 _aBhavanarayana Rao Chillara Au.
_9202890
245 0 _aShakuntala
260 _aVijayawada
_bAnnnapurna publications India
_c1964
300 _a92p.
_ccm.
650 _aTELUGU LITERATURE
942 _hO35,2N25,3, K4
_cTEXL
_2CC
999 _c428215
_d428215